Desarrollo de un sistema de monitoreo de gestión interna y de medición de satisfacción de clientes finales en el servicio de Internet Conmutado de Radiográfica Costarricense S.A
Gorde:
| Egile nagusia: | |
|---|---|
| Beste egile batzuk: | , |
| Formatua: | Liburua |
| Argitaratua: |
San José, C.R.,
2000
|
| Gaiak: | |
| Etiketak: |
Etiketa erantsi
Etiketarik gabe, Izan zaitez lehena erregistro honi etiketa jartzen!
|
MARC
| LEADER | 00000nam a2200000Ia 4500 | ||
|---|---|---|---|
| 003 | 010151 | ||
| 005 | 20221231144210.0 | ||
| 008 | 140114s2000 cr a m 000 ||s d | ||
| 040 | |c cru CEDI | ||
| 090 | |a TFG 4131 | ||
| 100 | |a Cordero Villalobos, Harold |9 8305 | ||
| 245 | |a Desarrollo de un sistema de monitoreo de gestión interna y de medición de satisfacción de clientes finales en el servicio de Internet Conmutado de Radiográfica Costarricense S.A | ||
| 260 | |c 2000 |a San José, C.R., | ||
| 300 | |a xvi, 167 hojas | ||
| 500 | |a Tesis (licenciatura en ingeniería industrial)--Universidad de Costa Rica. Facultad de Ingeniería. Escuela de Ingeniería Industrial | ||
| 650 | |x SATISFACCION DEL CLIENTE |x INTERNET |x RADIOGRAFICA COSTARRICENSE S.A |x CONTROL DE PROCESOS |x SERVICIO AL CLIENTE |x SISTEMAS DE TRANSMISION DE DATOS |9 8308 | ||
| 700 | |9 8306 |a Hernández Hernandez, Francis | ||
| 700 | |9 8307 |a López Achío, Mariela | ||
| 942 | |c TFG | ||
| 999 | |c 18334 |d 18334 | ||
